| 000 | 00842nam a22002177a 4500 | ||
|---|---|---|---|
| 005 | 20240530110505.0 | ||
| 008 | 151007s2010 ua g 000 0 ara d | ||
| 017 |
_a13772 _bمصر . دار الكتب المصرية |
||
| 020 | _a977052672X | ||
| 040 | _aEG-CaGPL | ||
| 082 | 0 | 4 |
_221 _a371.35\ _bر ت |
| 100 | 0 | _aرمزى احمد عبدالحى | |
| 245 | 1 | 2 |
_aالتعليم عن بعد فى الوطن العربى و تحديات القرن الحادى و العشروين / _cرمزى احمد عبدالحى |
| 260 |
_aالقاهرة : _bمكتبة الانجلو المصرية ، _c2010 . |
||
| 300 |
_a219 ص ؛ _c24 سم . |
||
| 650 | 0 | 4 | _aالتعليم عن بعد |
| 650 | 0 | 4 | _aالتعليم العالى |
| 650 | 0 | 4 | _aتكنولوجيا التعليم |
| 650 | 0 | 4 | _aالتعليم الالكترونى |
| 942 |
_2ddc _cBK |
||
| 999 |
_c61551 _d61551 |
||